000 01249nam a22002657a 4500
999 _c20799
_d20799
005 20200203091005.0
008 200203b xxu||||| |||| 00| 0 spa d
020 _a9789589539620
040 _aCO-BoIAVH
_cCO-BoIAVH
041 _aspa
044 _ack
082 _a305.8
_bM66g
110 _aOrganizaciones y consejos comunitarios del sur del Pacífico
245 _a"Guía de relacionamiento entre las comunidades negras de los departamentos del Valle, Cauca, Nariño y el sector minero energético
_cOrganizaciones y Consejos Comunitarios del sur del Pacífico, Ministerio de minas y energía y el Instituto de Investigaciones Ambientales del Pacífico
260 _aChocó:
_bInstituto de Investigaciones del Pacífico,
_c2015.
300 _a110 páginas,
_bFotografías, mapas y tablas
_c26.5 x 21.5 cm
504 _aBibliografía complementaria (páginas 91 - 97)
650 0 _aComunidades negras
650 0 _aSector minero-energético
650 0 _aProducción económica
651 0 _aPacífico colombiano
_zValle, Cauca y Nariño
710 _aMinisterio de Minas y Energía
710 _aInstituto de Investigaciones Ambientales del Pacífico IIAP
942 _2ddc
_cLIBRO